Desarrollo de un proceso de producción de Trichodermas Nativas previamente identificadas de diferentes regiones de Nicaragua
Presenta el proceso de producción de Trichoderma, se basa en encontrar el mejor sustrato para la producción de esporas de los hongos en grandes cantidades, así mismo, analizar el comportamiento de crecimiento mediante la adición de melaza al 5% a los sustratos.
| Main Authors: | , |
|---|---|
| Other Authors: | |
| Format: | Tesis Section = Libro |
| Language: | Undetermined Spanish |
| Published: |
Managua
UNI
2021
|
| Subjects: |
| LEADER | 01196nam a2200277Ia 4500 | ||
|---|---|---|---|
| 008 | 240830s9999 xx 000 0 und d | ||
| 040 | |a BIBLIOTECA-RUSB/ Mon 632.3 L864 | ||
| 041 | |a spa | ||
| 082 | |a Mon 632.3 L864 | ||
| 100 | 1 | |a López Martínez, Tatiana de los Ángeles | |
| 100 | 1 | |b Rodríguez Toruño, Ángeles Lucía | |
| 245 | 1 | 0 | |a Desarrollo de un proceso de producción de Trichodermas Nativas previamente identificadas de diferentes regiones de Nicaragua |
| 260 | |a Managua |b UNI |c 2021 | ||
| 300 | |a 137 p. :il. | ||
| 500 | |a Incluye anexos y CD. | ||
| 502 | |a Tesis (Ingeniero Químico) - UNI, 2021. | ||
| 520 | 3 | |a Presenta el proceso de producción de Trichoderma, se basa en encontrar el mejor sustrato para la producción de esporas de los hongos en grandes cantidades, así mismo, analizar el comportamiento de crecimiento mediante la adición de melaza al 5% a los sustratos. | |
| 650 | 7 | |a TRICHODERMAS NATIVAS | |
| 650 | 7 | |b ENFERMEDADES Y PLAGAS | |
| 650 | 7 | |c MICROORGANISMOS | |
| 650 | 7 | |d HONGO FITOPAGENOS | |
| 650 | 7 | |e CONTROL BIOLOGICO- PLANTAS | |
| 700 | 1 | |a Tutor: |b Páramo Aguilera, Leandro Alberto | |
| 942 | |c BK |2 ddc | ||
| 991 | |a TESIS | ||
| 999 | |c 22258 | ||